000 00987nam a2200265Ia 4500
003 OSt
005 20221005105752.0
006 a|||||r|||| 00| 0
007 ta
008 221004b |||||||| |||| 00| 0 hin d
020 _a9788173092954 (pbk)
_c50
024 _a13519
037 _b1137, 20/03/2014, Anamika Publishers & Distributors Pvt. Ltd.
_cTextual
040 _aCRL
_cCRL
_bhin
041 _2hin
_ahin
082 _aV2y7M69, 152P9
100 _aबिड़ला, घनश्यामदास
245 0 _aबापू
246 _aBāpū
260 _aनई दिल्ली
_bसस्ता साहित्य मण्डल प्रकाशन भारत
_c2009
300 _a139पृ0
_ccm.
650 _aविश्व-इतिहास
942 _hV2y7M69, 152P9
_cTEXL
_2cc
999 _c1016851
_d1016851